Groupe du rap fr #1 Facile - Statistiques

Statistiques générales
  • Ce quiz a été pris 422 fois
  • Le résultat moyen est 5 sur 6
Statistiques - réponses
Question Réponse % Correct
Black M, lefa, gims, doomams, maska, lio pétrodollars, JR O crom et adams Sexion d’assault
100%
Lunatic Booba et Ali
96%
Pom, Don choa, sat l’artificier, le rat luciano, menzo, dj djel, fel, karima. Fonky Family
92%
Troisième œil Dj bomb, mombi, boss one, dj ralph
79%
Sniper Tunisiano, aketo, dj boudj, balcko
75%
47ter Pierre paul, lopes et blaise
71%
Aucun quiz correspondant
Distribution des résultats
% des personnes avec chaque résultat
Percentile par nombre de réponses
Votre historique - résultats
Vous n’avez pas pris ce quiz